|
|
|
|
| LEADER |
007050000a22002170004500 |
| 020 |
|
|
|a 81-8264-139-X
|
| 040 |
|
|
|a MAL
|
| 082 |
|
|
|a 914.04 32P8
|
| 100 |
|
|
|a Sunil Nhaliyath; Translator
|
| 100 |
|
|
|a Vikraman Nair; Author
|
| 245 |
|
|
|a Paschim diganthe pradosh kaale: yaathraavivaranam
|
| 250 |
|
|
|a 2nd ed
|
| 260 |
|
|
|a Kozhikode, Mathrubhumi Books
|
| 260 |
|
|
|c 2008
|
| 460 |
|
|
|a 251p
|
| 465 |
|
|
|a Rs.125.00
|
| 500 |
|
|
|a Vikraman Nair; tr by Vikraman Nair and Sunil Nhaliyath
|
| 650 |
|
|
|a Europe-Travel
|
| 650 |
|
|
|a Voyages and travels
|
| 999 |
|
|
|c 40695
|d 40695
|
| 952 |
|
|
|0 0
|1 0
|4 0
|6 914_040000000000000_32P8
|7 0
|8 MAL
|9 41253
|a MGUL
|b MGUL
|d 2013-07-16
|e Rs.125.00
|l 0
|o 914.04 32P8
|p 39461
|r 2013-07-16
|w 2013-07-16
|y BK
|